Statystyki dla Quiz wiedzy ogólnej #9

Kliknij tutaj aby rozwiązać quiz!

Ogólne statystyki

  • Ten quiz został rozwiązany 3 094 razy
  • Średni wynik to 8 z 20

Statystyki odpowiedzi

PytanieOdpowiedź% Poprawnych
Z jakiej wyspy pochodzą lemury?Madagaskar
93%
Kto był pierwszą kobietą, która otrzymała nagrodę Nobla?Maria Skłodowska-Curie
85%
Jaki atrybut królewski nigdy nie był i wciąż nie jest używany w Królestwie Belgii?Korona
81%
Kto założył Facebooka?Mark Zuckerberg
79%
Jaka jest największa wyspa leżąca na Morzu Karaibskim?Kuba
68%
Jak nazywa się największy gatunek jaszczurki?Waran z Komodo
60%
Jaki był sowiecki odpowiednik CIA?KGB
56%
Jak nazywa się księga stanowiąca drugą część Biblii?Księga {Wyjścia}
42%
Kto zabił Achillesa?Parys
38%
Za które miasto-państwo walczył Hannibal?Kartagina
32%
Co podbili Normanowie w 1066 roku?Anglię
27%
W jakim języku napisane jest motto angielskiego monarchy?Francuskim
27%
W którym państwie można najłatwiej napotkać poldery?Holandia
16%
Kto jest znany jako nemezis He-Mana?Szkieletor
12%
Jaki piosenkarz stanowi tematykę filmu "Spacer po linie"?Johnny Cash
9%
Na jakim instrumencie grał Ravi Shankar?Sitarze
7%
Jaka rzeka graniczy z miastem Louisville w stanie Kentucky?Ohio
6%
Jakie jest japońskie słowo oznaczające słodkowodnego węgorza?Unagi
6%
Jaki film spopularyzował frazę "może być tylko jeden"?Nieśmiertelny
5%
Do czego, zgodnie z rzekomym afrykańskim przysłowiem, potrzebna jest wioska?Wychowania dziecka
5%

Rozkład punktacji

Percentyl według liczby udzielonych odpowiedzi

Procent ludzi z każdym wynikiem

Twoja historia wyników

Nie rozwiązałeś tego quizu